SAS and Hadoop technology : overview.

Provides overview information for SAS and Hadoop technologies and explains how SAS and Hadoop work together. Use this document as a starting point to learn about the SAS technology that interacts with Hadoop.

Bibliographic Details
Format: eBook
Language:English
Published: Cary, NC : SAS Institute, 2015.
Series:SAS documentation.
Subjects:
Online Access:Connect to the full text of this electronic book

MARC

Tag First Indicator Second Indicator Subfields
LEADER 00000cam a2200000Ii 4500
001 in00004667413
006 m o d
007 cr cnu|||unuuu
008 151001s2015 ncu o 001 0 eng d
005 20260122211257.7
019 |a 930603622  |a 948965026  |a 1066458383 
020 |a 9781629599847  |q (electronic bk.) 
020 |a 1629599840  |q (electronic bk.) 
020 |a 1629599832 
020 |a 9781629599830 
035 |a (OCoLC)922640435  |z (OCoLC)930603622  |z (OCoLC)948965026  |z (OCoLC)1066458383 
037 |a CL0500000678  |b Safari Books Online 
037 |a 9781629599847  |b O'Reilly Media 
040 |a N$T  |b eng  |e rda  |e pn  |c N$T  |d N$T  |d OCLCF  |d UMI  |d OCLCQ  |d COO  |d YDXCP  |d DEBBG  |d AGLDB  |d IDEBK  |d ICA  |d DEBSZ  |d OCLCQ  |d VT2  |d D6H  |d OCLCQ  |d VTS  |d CEF  |d OCLCQ  |d WYU  |d STF  |d M8D  |d OCLCO  |d ORMDA  |d OCLCQ  |d TOH 
049 |a TXAM 
050 4 |a QA276.45.S27 
072 7 |a COM  |x 077000  |2 bisacsh 
082 0 4 |a 005.5/5  |2 23 
245 0 0 |a SAS and Hadoop technology :  |b overview. 
264 1 |a Cary, NC :  |b SAS Institute,  |c 2015. 
264 4 |c Ã2015 
300 |a 1 online resource. 
336 |a text  |b txt  |2 rdacontent 
337 |a computer  |b c  |2 rdamedia 
338 |a online resource  |b cr  |2 rdacarrier 
490 1 |a SAS documentation 
500 |a Includes index. 
588 0 |a Online resource; title from PDF title page (EBSCO, viewed October 2, 2015). 
520 8 |a Provides overview information for SAS and Hadoop technologies and explains how SAS and Hadoop work together. Use this document as a starting point to learn about the SAS technology that interacts with Hadoop. 
630 0 0 |a SAS (Computer file) 
630 0 0 |a Apache Hadoop. 
630 0 7 |a Apache Hadoop.  |2 fast  |0 (OCoLC)fst01911570 
630 0 7 |a SAS (Computer file)  |2 fast  |0 (OCoLC)fst01364029 
650 7 |a COMPUTERS  |x Mathematical & Statistical Software.  |2 bisacsh 
655 0 |a Electronic book. 
710 2 |a SAS Institute,  |e issuing body. 
776 0 8 |i Print version:  |t SAS and Hadoop technology.  |d Cary, NC : SAS Institute, 2015  |z 9781629599830  |w (OCoLC)934515410 
830 0 |a SAS documentation. 
856 4 0 |u https://proxy.library.tamu.edu/login?url=https://go.oreilly.com/TAMU/library/view/-/9781629599847/?ar  |z Connect to the full text of this electronic book  |t 0 
955 |a Safari/O'Reilly ebooks 
994 |a 92  |b TXA 
999 f f |s e815810a-bb3a-40cc-a06c-a4e550793d5c  |i 1fc02c97-cbe3-4271-a9f9-83727acc48c9  |t 0 
952 f f |a Texas A&M University  |b College Station  |c Electronic Resources  |s www_evans  |d Available Online  |t 0  |e QA276.45.S27   |h Library of Congress classification 
998 f f |a QA276.45.S27   |t 0  |l Available Online